<?xml version="1.0" encoding="UTF-8"?>
<record
    xmlns:xsi="http://www.w3.org/2001/XMLSchema-instance"
    xsi:schemaLocation="http://www.loc.gov/MARC21/slim http://www.loc.gov/standards/marcxml/schema/MARC21slim.xsd"
    xmlns="http://www.loc.gov/MARC21/slim">

  <leader>01276nam a2200253 a 4500</leader>
  <controlfield tag="001">000023334</controlfield>
  <controlfield tag="005">20200930022140.0</controlfield>
  <controlfield tag="008">101202s1995    xxu           001 | spa d</controlfield>
  <datafield tag="020" ind1=" " ind2=" ">
    <subfield code="a">0844270431</subfield>
  </datafield>
  <datafield tag="040" ind1=" " ind2=" ">
    <subfield code="a">DO-SdBNP</subfield>
    <subfield code="b">spa</subfield>
    <subfield code="c">BNPHU</subfield>
  </datafield>
  <datafield tag="082" ind1=" " ind2=" ">
    <subfield code="a">PR683.44</subfield>
    <subfield code="b">C965p</subfield>
  </datafield>
  <datafield tag="245" ind1="0" ind2="0">
    <subfield code="a">Cuentos puertorrique&#xF1;os /</subfield>
    <subfield code="c">Robert L. Muckley, Eduardo E. Vargas ; introducci&#xF3;n por Hern&#xE1;n LaFontaine Y Marcos A. Hern&#xE1;ndez ; ilustraci&#xF3;n de Jaime Carrero.</subfield>
  </datafield>
  <datafield tag="260" ind1=" " ind2=" ">
    <subfield code="a">Lincolnwood :</subfield>
    <subfield code="b">National Textbook Company,</subfield>
    <subfield code="c">1995.</subfield>
  </datafield>
  <datafield tag="300" ind1=" " ind2=" ">
    <subfield code="a">viii, 120 p. :</subfield>
    <subfield code="b">il. ;</subfield>
    <subfield code="c">23 cm.</subfield>
  </datafield>
  <datafield tag="500" ind1=" " ind2=" ">
    <subfield code="a">Incluye vocabulario</subfield>
  </datafield>
  <datafield tag="505" ind1="0" ind2=" ">
    <subfield code="t">Campeones /</subfield>
    <subfield code="r">Pedro Juan Soto</subfield>
    <subfield code="t">Garabatos /</subfield>
    <subfield code="r">Pedro Juan Soto</subfield>
    <subfield code="t">Unas oraci&#xF3;n bajo la nieve /</subfield>
    <subfield code="r">Wilfredo Braschi</subfield>
    <subfield code="t">El americano /</subfield>
    <subfield code="r">Jaime Carrero</subfield>
    <subfield code="t">Una caja de plomo que no se pod&#xED;a abrir /</subfield>
    <subfield code="r">Jos&#xE9; Luis Gonz&#xE1;lez</subfield>
    <subfield code="t">Naufragio /</subfield>
    <subfield code="r">Tom&#xE1;s Blanco</subfield>
    <subfield code="t">"Oh, sey can yu si bai de don-serly lai /</subfield>
    <subfield code="r">Jaime Carrero</subfield>
    <subfield code="t">El zepel&#xED;n del jorobado /</subfield>
    <subfield code="r">Wilfredo Braschi</subfield>
    <subfield code="t">La hiel de los ca&#xED;nes /</subfield>
    <subfield code="r">Tom&#xE1;s Blanco</subfield>
  </datafield>
  <datafield tag="650" ind1=" " ind2="4">
    <subfield code="a">Cuentos puertorrique&#xF1;a</subfield>
    <subfield code="9">31622</subfield>
  </datafield>
  <datafield tag="650" ind1=" " ind2="4">
    <subfield code="a">Literatura puertorrique&#xF1;a</subfield>
    <subfield code="9">250</subfield>
  </datafield>
  <datafield tag="700" ind1="1" ind2=" ">
    <subfield code="a">Vargas, Eduardo E.</subfield>
    <subfield code="9">9042</subfield>
  </datafield>
  <datafield tag="700" ind1="1" ind2=" ">
    <subfield code="a">LaFontaine, Hern&#xE1;n</subfield>
    <subfield code="e">introd.</subfield>
    <subfield code="9">9043</subfield>
  </datafield>
  <datafield tag="700" ind1="1" ind2=" ">
    <subfield code="a">Hern&#xE1;ndez, Marcos A.</subfield>
    <subfield code="e">introd.</subfield>
    <subfield code="9">48062</subfield>
  </datafield>
  <datafield tag="711" ind1="2" ind2=" ">
    <subfield code="a">Jaime Carrero</subfield>
    <subfield code="e">il.</subfield>
    <subfield code="9">48063</subfield>
  </datafield>
  <datafield tag="049" ind1=" " ind2=" ">
    <subfield code="a">BNGR</subfield>
  </datafield>
  <datafield tag="952" ind1=" " ind2=" ">
    <subfield code="0">0</subfield>
    <subfield code="1">0</subfield>
    <subfield code="5">0</subfield>
    <subfield code="7">1</subfield>
    <subfield code="8">MO</subfield>
    <subfield code="a">GR</subfield>
    <subfield code="b">GR</subfield>
    <subfield code="c">HD</subfield>
    <subfield code="d">2010-12-02</subfield>
    <subfield code="i">LF1</subfield>
    <subfield code="l">0</subfield>
    <subfield code="o">PR683.44 C965p</subfield>
    <subfield code="p">23334-10</subfield>
    <subfield code="r">2020-06-25</subfield>
    <subfield code="w">2020-06-25</subfield>
    <subfield code="y">1</subfield>
    <subfield code="Z">No se presta</subfield>
  </datafield>
  <datafield tag="952" ind1=" " ind2=" ">
    <subfield code="0">0</subfield>
    <subfield code="1">0</subfield>
    <subfield code="5">2</subfield>
    <subfield code="7">2</subfield>
    <subfield code="8">MO</subfield>
    <subfield code="a">GR</subfield>
    <subfield code="b">GR</subfield>
    <subfield code="c">HD</subfield>
    <subfield code="d">2013-07-23</subfield>
    <subfield code="i">LF1</subfield>
    <subfield code="l">0</subfield>
    <subfield code="o">PR683.44 C965p</subfield>
    <subfield code="p">23334-20</subfield>
    <subfield code="r">2020-06-25</subfield>
    <subfield code="t">e. 2</subfield>
    <subfield code="w">2020-06-25</subfield>
    <subfield code="y">2</subfield>
    <subfield code="Z">Pr&#xE9;stamo interno</subfield>
  </datafield>
  <datafield tag="999" ind1=" " ind2=" ">
    <subfield code="c">22831</subfield>
    <subfield code="d">22831</subfield>
  </datafield>
</record>
